000 00653nam a2200181 i 4500
001 140744
003 ES-MaACL
005 20230906200139.0
007 t|
008 070917s1954 sp ||||1| spa d
100 1 _aWellman, W. R.
_9116453
245 1 0 _aTelevisión práctica
_b: (servicio de los receptores, localización y reparación de defectos y averías) /
_cW. R. Wellman y J. J. Kadrle ; traducción de Francisco Biosca.
260 _aBarcelona :
_bJosé Montesó,
_c1954.
300 _a207 p., 8 lám. :
_bil. ;
_c22 cm.
700 1 _aKadrle, J. J.
_967392
700 1 _aBiosca, Francisco M.
_928945
852 _aES-MaACL
_jC-6637
_bR.36459
999 _c140744
_d140744